|
|
|
|
| LEADER |
00000nam2a2200000 4500 |
| 001 |
286035 |
| 005 |
20231101235843.0 |
| 020 |
|
|
|a RU
|b 85-27884
|
| 035 |
|
|
|a (RuTPU)RU\TPU\book\310324
|
| 090 |
|
|
|a 286035
|
| 100 |
|
|
|a 20150302d1985 m y0rusy5003 ca
|
| 101 |
0 |
|
|a rus
|
| 102 |
|
|
|a RU
|
| 105 |
|
|
|a y z 000zy
|
| 200 |
0 |
|
|a Ч. 1
|
| 210 |
|
|
|d 1985
|
| 215 |
|
|
|d 22 см
|a 127 с.
|
| 461 |
|
1 |
|0 (RuTPU)RU\TPU\book\147426
|t Курс теории вероятностей
|o [учебное пособие]
|f Я. Г. Синай
|g Московский государственный университет им. М. В. Ломоносова (МГУ), Механико-математический факультет
|v Ч. 1
|d 1985
|
| 606 |
1 |
|
|a Вероятностей теория
|2 stltpush
|3 (RuTPU)RU\TPU\subj\2254
|9 30841
|
| 610 |
1 |
|
|a элементарные события
|
| 610 |
1 |
|
|a случайные величины
|
| 610 |
1 |
|
|a математическое ожидание
|
| 610 |
1 |
|
|a дисперсия
|
| 610 |
1 |
|
|a цепи Маркова
|
| 610 |
1 |
|
|a случайные блуждания
|
| 610 |
1 |
|
|a независимые испытания
|
| 610 |
1 |
|
|a последовательности
|
| 610 |
1 |
|
|a аксиоматика Колмогорова
|
| 610 |
1 |
|
|a лекции
|
| 610 |
1 |
|
|a учебные пособия
|
| 675 |
|
|
|a 519.21(075.8)
|z rus
|v 4
|
| 801 |
|
0 |
|a RU
|b RuMRKP
|c 19950704
|g psbo
|
| 801 |
|
1 |
|a RU
|b 63413507
|c 20150302
|
| 801 |
|
2 |
|a RU
|b 63413507
|c 20170214
|g RCR
|
| 942 |
|
|
|c BK
|